[Event "M.Chigorin Memorial"]
[Site "St. Petersburg RUS"]
[Date "2009.10.16"]
[Round "1.30"]
[White "Yakimenko, Alexander A."]
[Black "Zhou, Weiqi"]
[Result "0-1"]
[WhiteElo "2240"]
[BlackElo "2593"]
[PlyCount "92"]

1. d4 Nf6 2. c4 c5 3. d5 e6 4. Nc3 exd5 5. cxd5 d6 6. e4 g6 7. Nf3 a6 8. a4 Bg4
9. Be2 Bxf3 10. Bxf3 Nbd7 11. O-O Bg7 12. g3 O-O 13. Bg2 Re8 14. Qc2 c4 15. h3
Nc5 16. Be3 Qa5 17. Rad1 Nfd7 18. Ra1 Ne5 19. Rfd1 Ned3 20. Ra3 Rac8 21. Bf1
Rc7 22. Bxc5 Nxc5 23. f3 Nb3 24. Kg2 Qc5 25. Ra2 f5 26. exf5 Nd4 27. Qf2 Nxf5
28. Qxc5 Rxc5 29. Rd2 Ne3+ 30. Kf2 Bxc3 31. bxc3 Nxf1 32. Kxf1 Re3 33. Rdb2
Rxd5 34. Rxb7 Rxc3 35. Re2 Rxf3+ 36. Kg2 Rf7 37. Rb8+ Kg7 38. Rc8 Rd4 39. Rc6
a5 40. Rc2 d5 41. Ra6 Rd3 42. Rf2 Rc7 43. Rxa5 c3 44. Rc2 d4 45. Rd5 Rd1 46.
Rxc3 Rxc3 0-1

[Event "M.Chigorin Memorial"]
[Site "St. Petersburg RUS"]
[Date "2009.10.16"]
[Round "1.31"]
[White "Epishin, Vladimir"]
[Black "Khojayan, Vardan"]
[Result "1-0"]
[WhiteElo "2590"]
[BlackElo "2229"]
[PlyCount "111"]

1. c4 c5 2. Nf3 Nc6 3. Nc3 g6 4. e3 Nf6 5. d4 cxd4 6. exd4 d5 7. Bg5 Ne4 8.
cxd5 Nxc3 9. bxc3 Qxd5 10. Be2 Bg4 11. Be3 Bg7 12. h3 Bf5 13. O-O Rd8 14. c4
Qa5 15. d5 O-O 16. Bd2 Bc3 17. Bxc3 Qxc3 18. Rc1 Qf6 19. Qb3 Nd4 20. Nxd4 Qxd4
21. Bf3 b6 22. Qa3 Qf6 23. Rfe1 Rfe8 24. Re3 Qd6 25. Rce1 Qxa3 26. Rxa3 a5 27.
g4 Bc8 28. c5 bxc5 29. Rxa5 Bb7 30. Rxc5 e6 31. a4 Kg7 32. a5 exd5 33. Rxe8
Rxe8 34. Rc7 Ba8 35. a6 Re1+ 36. Kh2 Ra1 37. Ra7 Bc6 38. g5 Kg8 39. Kg3 Kg7 40.
Be2 Ra2 41. Rc7 Rxe2 42. Rxc6 d4 43. a7 Ra2 44. Rc7 d3 45. Kf3 d2 46. Ke2 h6
47. h4 hxg5 48. hxg5 Ra1 49. Kxd2 Ra2+ 50. Kc3 Ra1 51. Kb4 Rb1+ 52. Kc5 Rc1+
53. Kb6 Rb1+ 54. Ka6 Ra1+ 55. Kb7 Rb1+ 56. Kc8 1-0

[Event "M.Chigorin Memorial"]
[Site "St. Petersburg RUS"]
[Date "2009.10.16"]
[Round "1.32"]
[White "Tovmasian, Vardges"]
[Black "Romanov, Evgeny"]
[Result "0-1"]
[WhiteElo "2228"]
[BlackElo "2588"]
[PlyCount "116"]

1. e4 c5 2. Nf3 a6 3. c3 d5 4. exd5 Qxd5 5. d4 e6 6. Na3 Nf6 7. Nc4 Nbd7 8. Be2
cxd4 9. Qxd4 Bc5 10. Qxd5 Nxd5 11. a4 O-O 12. O-O b6 13. Nfe5 f6 14. Nxd7 Bxd7
15. Bf3 Rac8 16. Rd1 Bc6 17. Re1 Rfe8 18. Bd2 Ba8 19. a5 b5 20. Nb6 Bxb6 21.
Bxd5 Bxf2+ 22. Kxf2 Bxd5 23. Be3 Rc4 24. Rad1 Rec8 25. Rd4 Rxd4 26. Bxd4 e5 27.
Bb6 Kf7 28. Rd1 Ke6 29. Rd3 b4 30. Rh3 bxc3 31. Rxc3 Rxc3 32. bxc3 f5 33. h4 f4
34. g3 Kf5 35. Bc7 h6 36. Bd6 g5 37. hxg5 hxg5 38. Bc7 Bb3 39. Bd6 Bc4 40. Bc7
Bf7 41. Bb8 Bg6 42. Bd6 e4 43. gxf4 gxf4 44. Bc5 Ke5 45. Ba7 Kd5 46. Ke2 Bh5+
47. Kd2 Ke5 48. Bd4+ Kf5 49. c4 Kg4 50. c5 Kf3 51. c6 e3+ 52. Ke1 Ke4 53. Bf6
f3 54. Bh4 Bg4 55. c7 Kd5 56. Kf1 Kc6 57. Bg3 Bh3+ 58. Kg1 Kb7 0-1

[Event "M.Chigorin Memorial"]
[Site "St. Petersburg RUS"]
[Date "2009.10.16"]
[Round "1.33"]
[White "Sjugirov, Sanan"]
[Black "Gromova, Iulia"]
[Result "1-0"]
[WhiteElo "2585"]
[BlackElo "2227"]
[PlyCount "57"]

1. e4 c6 2. d4 d5 3. e5 Bf5 4. Nf3 e6 5. Be2 Nd7 6. O-O Bg6 7. Nbd2 Nh6 8. Nb3
Nf5 9. Bd2 Be7 10. g4 Nh4 11. Nxh4 Bxh4 12. f4 f5 13. Bd3 O-O 14. g5 h6 15.
gxh6 gxh6 16. Qf3 Kh7 17. Kh1 Rg8 18. Rg1 Qe7 19. Be3 Qf7 20. Be2 Rg7 21. Qh3
Qe7 22. Nd2 Rag8 23. Raf1 Qd8 24. Bd1 Bf7 25. Rxg7+ Rxg7 26. Nf3 Rg4 27. Nxh4
Rxh4 28. Qg3 Bg6 29. h3 1-0

[Event "M.Chigorin Memorial"]
[Site "St. Petersburg RUS"]
[Date "2009.10.16"]
[Round "1.34"]
[White "Kopasov, Alexander"]
[Black "Maletin, Pavel"]
[Result "0-1"]
[WhiteElo "2227"]
[BlackElo "2576"]
[PlyCount "66"]

1. d4 Nf6 2. c4 e6 3. Nf3 Bb4+ 4. Nbd2 O-O 5. a3 Be7 6. e4 d5 7. e5 Nfd7 8. b4
a5 9. b5 c5 10. Bb2 cxd4 11. Be2 Nc5 12. Bxd4 Nbd7 13. O-O b6 14. a4 Bb7 15.
cxd5 exd5 16. Qb1 Re8 17. Qb2 Bf8 18. Rfe1 Ne6 19. Nb3 Ndc5 20. Bf1 Rc8 21.
Bxc5 bxc5 22. Qc3 Ra8 23. Red1 d4 24. Qd3 c4 25. Qxc4 Bxf3 26. gxf3 Rc8 27. Qe2
Nf4 28. Qd2 Qg5+ 29. Kh1 Bb4 30. Qxd4 Bc3 31. Qe4 Bxa1 32. Rxa1 Re6 33. Rc1
Rce8 0-1

[Event "M.Chigorin Memorial"]
[Site "St. Petersburg RUS"]
[Date "2009.10.16"]
[Round "1.35"]
[White "Yakovich, Yuri"]
[Black "Pogosian, Vladimir"]
[Result "1-0"]
[WhiteElo "2576"]
[BlackElo "2223"]
[PlyCount "105"]

1. d4 f5 2. Nc3 d5 3. Bf4 c6 4. e3 Nf6 5. Nf3 Be6 6. Bd3 g6 7. O-O Bg7 8. Ne2
Nbd7 9. Rc1 O-O 10. Ng5 Bf7 11. c4 e6 12. Qb3 Qb6 13. Qc2 h6 14. Nf3 Ne4 15.
Ne5 Nxe5 16. Bxe5 Nf6 17. c5 Qd8 18. b4 a6 19. a4 Nd7 20. Bd6 Re8 21. f4 g5 22.
g4 gxf4 23. Rxf4 Bf6 24. Kh1 Kh8 25. gxf5 e5 26. dxe5 Nxe5 27. Nd4 Nxd3 28.
Qxd3 Qd7 29. Rg1 Rg8 30. Rg6 Bxg6 31. fxg6 Bg7 32. Rf7 Qg4 33. Qf5 Qd1+ 34. Kg2
Rae8 35. Be5 Qd2+ 36. Kf3 Qd1+ 37. Kf2 Rxe5 38. Qxe5 Qd2+ 39. Kf3 Qd1+ 40. Kf2
Qd2+ 41. Ne2 Qxb4 42. Qf4 Qxf4+ 43. Nxf4 Re8 44. Rxb7 d4 45. exd4 Bxd4+ 46. Kf3
Bxc5 47. Rc7 Bd6 48. Rxc6 Bxf4 49. Kxf4 Kg7 50. Rxa6 Re2 51. h4 Rh2 52. Kg4
Rg2+ 53. Kh5 1-0

[Event "M.Chigorin Memorial"]
[Site "St. Petersburg RUS"]
[Date "2009.10.16"]
[Round "1.36"]
[White "Karalkin, Maksim"]
[Black "Matlakov, Maxim"]
[Result "0-1"]
[WhiteElo "2222"]
[BlackElo "2574"]
[PlyCount "102"]

1. e4 c5 2. c3 Nf6 3. e5 Nd5 4. Nf3 Nc6 5. Bc4 Nb6 6. Be2 d6 7. exd6 e6 8. Na3
Bxd6 9. Nb5 Be7 10. d4 a6 11. dxc5 Bxc5 12. Qxd8+ Kxd8 13. Nbd4 Bxd4 14. Nxd4
Nxd4 15. cxd4 Bd7 16. Bf3 Bc6 17. Bxc6 bxc6 18. Bd2 Kd7 19. Rc1 a5 20. Ke2 Rhb8
21. b3 a4 22. b4 Nd5 23. a3 Rd8 24. Rc5 Nc7 25. Bc1 Nb5 26. Bb2 Ra6 27. Rhc1
Rb6 28. Rd1 Kc7 29. Rh5 h6 30. Rd3 Rd5 31. g4 Nd6 32. Rhh3 Rb7 33. Rc3 Nb5 34.
Rcd3 Kb6 35. Rd1 Rbd7 36. Rhd3 Rd8 37. h3 h5 38. Ke3 Rh8 39. f3 hxg4 40. hxg4
g5 41. R3d2 Rh3 42. Rg1 Nc7 43. Rgg2 Rd8 44. Rh2 Nd5+ 45. Ke4 f5+ 46. gxf5
exf5+ 47. Kxf5 Rxf3+ 48. Kg4 Rdf8 49. Rh6 R8f4+ 50. Kxg5 Rg3+ 51. Kh5 Rfg4 0-1

[Event "M.Chigorin Memorial"]
[Site "St. Petersburg RUS"]
[Date "2009.10.16"]
[Round "1.37"]
[White "Kryakvin, Dmitry"]
[Black "Kurukin, Dmitry"]
[Result "1-0"]
[WhiteElo "2571"]
[BlackElo "2222"]
[PlyCount "77"]

1. e4 c5 2. Nf3 d6 3. d4 cxd4 4. Nxd4 Nf6 5. Nc3 a6 6. f4 e5 7. Nf3 Nbd7 8. a4
Be7 9. Bc4 Qa5 10. Qe2 O-O 11. O-O exf4 12. Bxf4 Ne5 13. Bb3 Be6 14. Nd4 Bxb3
15. Nxb3 Qc7 16. Bg5 Rac8 17. Rad1 Rfe8 18. Kh1 Qc4 19. Qe1 Kh8 20. Nd4 Ned7
21. Qh4 Qb4 22. Nf5 Qxb2 23. Nxe7 Rxe7 24. Rxf6 Qxc3 25. Rh6 gxh6 26. Bxe7 Re8
27. Bxd6 Qxc2 28. Re1 f6 29. a5 Qc6 30. Bg3 h5 31. h3 Qb5 32. Rd1 Kg7 33. Rd5
Qb1+ 34. Kh2 Re7 35. Bd6 Re6 36. Qg3+ Kf7 37. Bf4 Nf8 38. Bh6 Qxe4 39. Qg7+ 1-0

[Event "M.Chigorin Memorial"]
[Site "St. Petersburg RUS"]
[Date "2009.10.16"]
[Round "1.38"]
[White "Butuc, Maria"]
[Black "Yemelin, Vasily"]
[Result "0-1"]
[WhiteElo "2215"]
[BlackElo "2570"]
[PlyCount "82"]

1. Nf3 Nf6 2. c4 e6 3. Nc3 d5 4. d4 Bb4 5. cxd5 exd5 6. Bg5 Nbd7 7. Qc2 h6 8.
Bh4 c5 9. e3 Qa5 10. Bd3 O-O 11. O-O Re8 12. Nd2 Bxc3 13. bxc3 Qc7 14. Rab1 b6
15. Rfe1 Bb7 16. f3 Rac8 17. Rbc1 cxd4 18. cxd4 Qxc2 19. Rxc2 Rxc2 20. Bxc2 Rc8
21. Bb1 Rc3 22. e4 dxe4 23. Nxe4 Rc6 24. Nxf6+ Nxf6 25. Bxf6 gxf6 26. Be4 Rc7
27. Bxb7 Rxb7 28. Kf2 Rc7 29. Re2 Kf8 30. g4 Rc3 31. Rd2 Ke7 32. Kg3 Kd6 33.
Kf4 Kd5 34. h4 b5 35. Re2 Ra3 36. Re7 b4 37. Rxf7 Rxa2 38. Rxf6 b3 39. Rf8 Ra6
40. Rf5+ Kxd4 41. Rb5 Rb6 0-1

[Event "M.Chigorin Memorial"]
[Site "St. Petersburg RUS"]
[Date "2009.10.16"]
[Round "1.39"]
[White "Malakhatko, Vadim"]
[Black "Berdychevaskaya, Natasha"]
[Result "1-0"]
[WhiteElo "2569"]
[BlackElo "2215"]
[PlyCount "107"]

1. d4 Nf6 2. c4 Nc6 3. Nf3 e6 4. Nc3 Bb4 5. Qc2 d6 6. Bd2 O-O 7. a3 Bxc3 8.
Bxc3 Qe7 9. g3 e5 10. d5 Nb8 11. Bg2 Nbd7 12. O-O Re8 13. e4 Nf8 14. c5 Bg4 15.
cxd6 cxd6 16. Nd2 Rac8 17. Rfc1 h6 18. Qd3 N8d7 19. b4 Nh7 20. f3 Bh5 21. a4
Bg6 22. Nf1 h5 23. h4 Rc7 24. Ne3 Rec8 25. a5 Nhf8 26. Bd2 Qd8 27. Rxc7 Rxc7
28. Bh3 Bh7 29. Nc4 Qe7 30. Be3 a6 31. Kh2 Bg6 32. Bg5 f6 33. Bd2 Be8 34. Ne3
g6 35. Rg1 Qh7 36. Qa3 Qe7 37. g4 hxg4 38. Rxg4 Kh8 39. h5 f5 40. exf5 gxh5 41.
Rg3 Nf6 42. b5 Bxb5 43. Bb4 Ne8 44. Qb2 Nd7 45. Qg2 Nef6 46. Qd2 Nc5 47. Ng2
Nh7 48. Qh6 Be8 49. Bxc5 dxc5 50. d6 Rc6 51. f6 Qxf6 52. Be6 Bf7 53. Bxf7 Qxf7
54. Nh4 1-0

[Event "M.Chigorin Memorial"]
[Site "St. Petersburg RUS"]
[Date "2009.10.16"]
[Round "1.40"]
[White "Marzano, Carlo"]
[Black "Melkumyan, Hrant"]
[Result "0-1"]
[WhiteElo "2209"]
[BlackElo "2569"]
[PlyCount "48"]

1. Nc3 d5 2. e3 Nf6 3. Nf3 c5 4. Bb5+ Bd7 5. Bxd7+ Qxd7 6. d3 Nc6 7. O-O g6 8.
e4 Bg7 9. Bg5 d4 10. Ne2 O-O 11. a4 Ne8 12. Nd2 Nd6 13. f4 e5 14. b3 f5 15. Ng3
Rae8 16. exf5 Nxf5 17. Nxf5 Rxf5 18. g4 Rf7 19. f5 gxf5 20. gxf5 Rxf5 21. Rxf5
Qxf5 22. Qh5 Re6 23. Ne4 h6 24. Rf1 Qg6 0-1

[Event "M.Chigorin Memorial"]
[Site "St. Petersburg RUS"]
[Date "2009.10.16"]
[Round "1.41"]
[White "Shomoev, Anton"]
[Black "Denisov, Ivan"]
[Result "1-0"]
[WhiteElo "2566"]
[BlackElo "2208"]
[PlyCount "75"]

1. e4 c5 2. Nf3 d6 3. d4 cxd4 4. Nxd4 Nf6 5. Nc3 a6 6. Be3 e5 7. Nb3 Be6 8. Qd2
Nbd7 9. f3 h5 10. Nd5 Bxd5 11. exd5 Qc7 12. Na5 b6 13. Nb3 g6 14. c4 Ng8 15. h4
Bh6 16. Bg5 f6 17. Bxh6 Rxh6 18. O-O-O Rh8 19. Kb1 Ne7 20. f4 a5 21. fxe5 fxe5
22. Bd3 a4 23. Nc1 Nc5 24. Bc2 a3 25. b3 O-O-O 26. Ne2 Nf5 27. Rh3 Kb7 28. b4
Na6 29. Rc1 Rhf8 30. Ba4 Nb8 31. Rxa3 Nxh4 32. Nc3 Qxc4 33. Bc6+ Nxc6 34. dxc6+
Kb8 35. Nd5 Qe4+ 36. Ka1 Rde8 37. Nxb6 Kc7 38. Ra7+ 1-0

[Event "M.Chigorin Memorial"]
[Site "St. Petersburg RUS"]
[Date "2009.10.16"]
[Round "1.42"]
[White "Merzliakov, Evgeny"]
[Black "Grigoriants, Sergey"]
[Result "0-1"]
[WhiteElo "2207"]
[BlackElo "2564"]
[PlyCount "66"]

1. d4 Nf6 2. c4 e6 3. Nf3 d5 4. e3 c6 5. Bd3 Nbd7 6. O-O Bd6 7. Nbd2 O-O 8. e4
e5 9. exd5 cxd5 10. cxd5 exd4 11. Nxd4 Ne5 12. N2f3 Nxd3 13. Qxd3 Be7 14. Nf5
Bxf5 15. Qxf5 Qxd5 16. Qxd5 Nxd5 17. Rd1 Rfd8 18. Bg5 f6 19. Bd2 Rd7 20. Kf1
Rad8 21. Ke2 Bc5 22. Rac1 Bb6 23. a3 g5 24. h3 h5 25. g3 Kf7 26. Rc4 Ne7 27.
Rdc1 Nf5 28. Bc3 Re8+ 29. Kf1 Rd3 30. Nd2 Rxg3 31. Ne4 Rf3 32. Kg1 Rf4 33. Re1
Bxf2+ 0-1

[Event "M.Chigorin Memorial"]
[Site "St. Petersburg RUS"]
[Date "2009.10.16"]
[Round "1.43"]
[White "Chadaev, Nikolai"]
[Black "Naumenko, Oleg"]
[Result "1-0"]
[WhiteElo "2561"]
[BlackElo "2207"]
[PlyCount "65"]

1. Nf3 Nf6 2. c4 g6 3. Nc3 Bg7 4. d4 O-O 5. e4 d6 6. Be2 e5 7. d5 Na6 8. Nd2 c5
9. a3 Ne8 10. Rb1 f5 11. Qc2 Bh6 12. O-O Bxd2 13. Bxd2 f4 14. f3 b6 15. b4 Rb8
16. Na4 Rb7 17. bxc5 Nxc5 18. Nxc5 dxc5 19. a4 Nd6 20. a5 h5 21. axb6 axb6 22.
Rb3 g5 23. Qb2 Qf6 24. Bc3 Re8 25. Rxb6 Rg7 26. Qa3 g4 27. Qxc5 g3 28. h3 Qh4
29. Qxd6 Bxh3 30. Qf6 Rg5 31. gxh3 g2 32. Rfb1 Qg3 33. Rb8 1-0

[Event "M.Chigorin Memorial"]
[Site "St. Petersburg RUS"]
[Date "2009.10.16"]
[Round "1.44"]
[White "Solovyov, Viktor"]
[Black "Del Rio De Angelis, Salvad"]
[Result "0-1"]
[WhiteElo "2204"]
[BlackElo "2559"]
[PlyCount "86"]

1. Nf3 d5 2. d4 Nf6 3. c4 dxc4 4. e3 g6 5. Bxc4 Bg7 6. O-O O-O 7. Nc3 Ne8 8. h3
Nd6 9. Bb3 b5 10. Re1 Bb7 11. a3 a5 12. Qe2 Nd7 13. e4 b4 14. axb4 axb4 15.
Rxa8 Bxa8 16. e5 Bxf3 17. Qxf3 bxc3 18. exd6 cxb2 19. Bxb2 cxd6 20. Qd3 e6 21.
Ra1 Qc7 22. Qa6 Rb8 23. Rc1 Qb7 24. Qxb7 Rxb7 25. Rc3 h5 26. Rd3 Nb8 27. Ba3 d5
28. Bd1 Nc6 29. Bc5 Rb1 30. Kh2 Ra1 31. g4 hxg4 32. hxg4 Bf8 33. Bxf8 Kxf8 34.
Kg3 g5 35. f4 Nb4 36. Rd2 Ra3+ 37. Bf3 gxf4+ 38. Kxf4 Nd3+ 39. Kg5 Kg7 40. Bg2
f6+ 41. Kh4 Nf4 42. Bf1 Ng6+ 43. Kh5 Ra8 0-1

[Event "M.Chigorin Memorial"]
[Site "St. Petersburg RUS"]
[Date "2009.10.16"]
[Round "1.47"]
[White "Ovetchkin, Roman"]
[Black "Pochinkov, Andrey"]
[Result "1-0"]
[WhiteElo "2556"]
[BlackElo "2197"]
[PlyCount "83"]

1. Nf3 Nf6 2. c4 Nc6 3. d4 e6 4. a3 b6 5. Nc3 d5 6. Bg5 Be7 7. e3 O-O 8. Qc2
Ba6 9. Qa4 Bb7 10. Bxf6 Bxf6 11. cxd5 exd5 12. Ba6 Bxa6 13. Qxc6 Bc4 14. Nd2
Qe8 15. Qxe8 Rfxe8 16. Nxc4 dxc4 17. O-O-O c6 18. Kc2 Rad8 19. h4 Rd7 20. g4 b5
21. g5 Bd8 22. d5 cxd5 23. Rxd5 Rxd5 24. Nxd5 Kf8 25. Rd1 Ba5 26. f3 Rd8 27. e4
Rd7 28. a4 a6 29. axb5 axb5 30. Ra1 Bd8 31. Ra8 f6 32. Rb8 Kf7 33. gxf6 Bxf6
34. h5 Ra7 35. Rxb5 Ra1 36. Rb7+ Ke6 37. h6 Rg1 38. Nxf6 gxf6 39. Rxh7 Ke5 40.
Rh8 Rh1 41. h7 Kf4 42. e5 1-0

[Event "M.Chigorin Memorial"]
[Site "St. Petersburg RUS"]
[Date "2009.10.16"]
[Round "1.48"]
[White "Donskov, Anatoly"]
[Black "Ionov, Sergey"]
[Result "0-1"]
[WhiteElo "2194"]
[BlackElo "2554"]
[PlyCount "98"]

1. e4 c6 2. d4 d5 3. Nc3 dxe4 4. Nxe4 Bf5 5. Ng3 Bg6 6. h4 h6 7. Nf3 Nd7 8. h5
Bh7 9. Bd3 Bxd3 10. Qxd3 e6 11. Bd2 Ngf6 12. O-O-O Be7 13. c4 O-O 14. Bc3 b5
15. Kb1 bxc4 16. Qxc4 Nd5 17. Ne5 Nxe5 18. dxe5 a5 19. Ne4 Qc7 20. g4 Rfd8 21.
Rhg1 a4 22. Rc1 a3 23. b3 Nxc3+ 24. Qxc3 Rd5 25. Qxc6 Qxe5 26. Nc3 Rad8 27. f4
Qf6 28. Rg2 Rd4 29. f5 exf5 30. Qxf6 Bxf6 31. gxf5 Rf4 32. Rd1 Rxd1+ 33. Nxd1
Rxf5 34. Rh2 Bg5 35. Kc2 Rc5+ 36. Kd3 Rd5+ 37. Kc2 Bf4 38. Rf2 Bd6 39. Rd2 Rc5+
40. Kd3 Rxh5 41. Kc4 Rc5+ 42. Kd4 Rc1 43. Kd5 Bf4 44. Rd3 Rc2 45. Nc3 g5 46.
Ke4 Bd2 47. Nd5 Rxa2 48. Nf6+ Kg7 49. Kf5 Ba5 0-1

[Event "M.Chigorin Memorial"]
[Site "St. Petersburg RUS"]
[Date "2009.10.16"]
[Round "1.49"]
[White "Rychagov, Andrey"]
[Black "Inants, Aghasi"]
[Result "1-0"]
[WhiteElo "2552"]
[BlackElo "2192"]
[PlyCount "93"]

1. d4 d5 2. c4 c6 3. Nf3 Nf6 4. Nc3 e6 5. e3 Nbd7 6. Qc2 Bd6 7. b3 O-O 8. Be2
Qe7 9. Bb2 b6 10. O-O Bb7 11. Rad1 c5 12. cxd5 exd5 13. Nb5 Bb8 14. Rfe1 Re8
15. Bf1 a6 16. Nc3 Bd6 17. Qb1 h6 18. g3 Qe6 19. Bg2 Ne4 20. dxc5 Nxc3 21. Bxc3
bxc5 22. b4 cxb4 23. Bxb4 Bxb4 24. Qxb4 Rab8 25. Nd4 Qb6 26. Qd2 Ba8 27. Rc1
Ne5 28. Qc3 Qb2 29. Qxb2 Rxb2 30. Re2 Rb4 31. h3 Kh7 32. Rc7 Kg6 33. Rec2 Rd8
34. Kh2 Rd7 35. g4 Rxc7 36. Rxc7 Kh7 37. Kg3 Rb6 38. Bf1 Nc6 39. Nxc6 Bxc6 40.
Bd3+ f5 41. Bxf5+ Kg8 42. Kf4 Bb5 43. Ke5 Bc4 44. a3 Rb2 45. f4 Rb5 46. a4 Ra5
47. Bg6 1-0

[Event "M.Chigorin Memorial"]
[Site "St. Petersburg RUS"]
[Date "2009.10.16"]
[Round "1.50"]
[White "Bratus, Petr P"]
[Black "Vysochin, Spartak"]
[Result "0-1"]
[WhiteElo "2189"]
[BlackElo "2550"]
[PlyCount "54"]

1. d4 d5 2. Nf3 Nf6 3. c4 c6 4. Nc3 a6 5. e3 e6 6. Bd3 dxc4 7. Bxc4 b5 8. Bb3
c5 9. O-O Bb7 10. Qe2 Nbd7 11. Rd1 Qb8 12. d5 c4 13. dxe6 fxe6 14. Bc2 Bd6 15.
h3 O-O 16. b3 Bxf3 17. gxf3 Be5 18. Bb2 b4 19. Na4 c3 20. Bc1 Bc7 21. a3 a5 22.
Qc4 Ne5 23. Qe2 Qb7 24. Kg2 Qc6 25. Rd4 Rab8 26. Rh4 Rb5 27. axb4 Nxf3 0-1

[Event "M.Chigorin Memorial"]
[Site "St. Petersburg RUS"]
[Date "2009.10.16"]
[Round "1.51"]
[White "Zherebukh, Yaroslav"]
[Black "Kushka, Alena"]
[Result "1-0"]
[WhiteElo "2544"]
[BlackElo "2182"]
[PlyCount "111"]

1. e4 c5 2. Nf3 Nc6 3. Nc3 g6 4. d4 cxd4 5. Nxd4 Bg7 6. Be3 Nf6 7. Bc4 Qa5 8.
O-O O-O 9. Bb3 d6 10. h3 Bd7 11. Nf3 Rac8 12. Qe2 Nh5 13. Rad1 Be6 14. Nd5 Bxb2
15. Bd2 Qc5 16. Be3 Qa5 17. g4 Ng7 18. c4 Ba3 19. Bd2 Qd8 20. Bc3 f6 21. Nf4
Bc5 22. Nd3 Qb6 23. Rb1 Ne5 24. Nfxe5 fxe5 25. Kg2 g5 26. Bd2 h6 27. h4 Rf6 28.
hxg5 hxg5 29. f3 Rg6 30. Nxc5 Qxc5 31. Be3 Qc7 32. Qd2 Qd7 33. Kg3 Bf7 34. Rh1
Ne6 35. c5 Nxc5 36. Qh2 Kf8 37. Qh8+ Rg8 38. Qh6+ Ke8 39. Bxf7+ Kxf7 40. Qh5+
Rg6 41. Bxg5 Rcg8 42. Be3 b6 43. Bxc5 bxc5 44. Rb2 Qe6 45. Rb7 Qf6 46. Qf5 Rg5
47. Qxf6+ Kxf6 48. Rxa7 R5g7 49. a4 Rc8 50. Rh6+ Kf7 51. Rxd6 Rh7 52. Rdd7 Ke6
53. Rd5 Kf6 54. Ra6+ e6 55. Rdd6 Re7 56. Rac6 1-0

[Event "M.Chigorin Memorial"]
[Site "St. Petersburg RUS"]
[Date "2009.10.16"]
[Round "1.52"]
[White "Nuretdinov, Igor"]
[Black "Yevseev, Denis"]
[Result "1/2-1/2"]
[WhiteElo "2182"]
[BlackElo "2541"]
[PlyCount "74"]

1. d4 d5 2. c4 e6 3. Nf3 Nf6 4. Nc3 c6 5. Bg5 h6 6. Bxf6 Qxf6 7. e3 Nd7 8. Bd3
dxc4 9. Bxc4 g6 10. O-O Bg7 11. Rc1 O-O 12. b4 e5 13. d5 Nb6 14. Ne4 Qd8 15.
dxc6 Qxd1 16. Rfxd1 Nxc4 17. Rxc4 bxc6 18. Nc5 a5 19. bxa5 Rxa5 20. Rd2 Ra3 21.
h3 Bf5 22. Nb3 Rc8 23. Rc5 Bf8 24. Rc4 Be6 25. Rc1 f6 26. Rdc2 Bd5 27. Nfd2 Ra4
28. Nb1 Rca8 29. Nc3 Bxb3 30. axb3 Rb4 31. Nb1 c5 32. Nd2 Kf7 33. Kf1 Ke6 34.
Ke2 f5 35. f3 h5 36. Rb1 Be7 37. Rbb2 Rb6 1/2-1/2

[Event "M.Chigorin Memorial"]
[Site "St. Petersburg RUS"]
[Date "2009.10.16"]
[Round "1.53"]
[White "Zontakh, Andrey"]
[Black "Alekseenko, Kirill"]
[Result "1-0"]
[WhiteElo "2540"]
[BlackElo "2174"]
[PlyCount "107"]

1. c4 c6 2. d4 d5 3. Nf3 Nf6 4. Nc3 a6 5. e3 g6 6. Bd3 Bg7 7. O-O O-O 8. h3 b5
9. c5 Bf5 10. Bxf5 gxf5 11. Ne5 e6 12. Bd2 Ne4 13. Nd3 Nd7 14. Ne2 Kh8 15. Be1
Bh6 16. Ndf4 Rg8 17. f3 Bxf4 18. exf4 Nef6 19. b4 Qf8 20. Kh2 Qh6 21. a4 Rg6
22. axb5 Rag8 23. g3 axb5 24. Ra6 Nb8 25. Ra7 Qh5 26. Qd2 Rh6 27. Ng1 Qg6 28.
Qe3 Qg7 29. Ne2 Rh5 30. Bf2 Nbd7 31. Kg2 Nf8 32. Rh1 Ng6 33. Kf1 Qf8 34. Ke1
Qe8 35. Kd2 Qb8 36. Rxf7 Qa8 37. Rxf6 Qa2+ 38. Ke1 Qb1+ 39. Qc1 Qxb4+ 40. Kf1
Qb3 41. Qe3 Qc2 42. g4 Rh6 43. g5 Rh5 44. Be1 Qd1 45. Rxe6 b4 46. Rxc6 Qa4 47.
Qe6 Rf8 48. Rc7 b3 49. Qd7 Qxd7 50. Rxd7 Rb8 51. c6 Nf8 52. Rb7 Rc8 53. Rxb3
Rxc6 54. Rb8 1-0

[Event "M.Chigorin Memorial"]
[Site "St. Petersburg RUS"]
[Date "2009.10.16"]
[Round "1.54"]
[White "Korchagina, Viktoria"]
[Black "Zinchenko, Yaroslav"]
[Result "0-1"]
[WhiteElo "2172"]
[BlackElo "2539"]
[PlyCount "52"]

1. e4 c5 2. Nf3 Nc6 3. d4 cxd4 4. Nxd4 Nf6 5. Nc3 d6 6. Bc4 Qb6 7. Nb3 e6 8.
O-O Be7 9. Bg5 Qd8 10. f4 a6 11. a4 b6 12. Qf3 Bb7 13. Rae1 Qc7 14. Qe2 h6 15.
Bh4 Nxe4 16. Nxe4 Bxh4 17. g3 Be7 18. Bd3 Nb4 19. f5 exf5 20. Rxf5 O-O 21. Nd4
Rae8 22. Qg4 Bc8 23. Qf3 d5 24. Nf2 Nxd3 25. Qxd3 Bxf5 26. Nxf5 Bc5 0-1

[Event "M.Chigorin Memorial"]
[Site "St. Petersburg RUS"]
[Date "2009.10.16"]
[Round "1.55"]
[White "Wen, Yang"]
[Black "Savinov, Leonid"]
[Result "1-0"]
[WhiteElo "2538"]
[BlackElo "2167"]
[PlyCount "65"]

1. e4 c6 2. d4 d5 3. Nd2 dxe4 4. Nxe4 Nf6 5. Ng5 h6 6. N5f3 Bf5 7. Bc4 e6 8.
Ne5 Nbd7 9. Ngf3 Be7 10. Qe2 O-O 11. Be3 Nd5 12. O-O-O N7b6 13. Bd3 Bxd3 14.
Nxd3 Nc4 15. Nde5 Ncxe3 16. fxe3 Qa5 17. Kb1 c5 18. e4 Nb6 19. c3 cxd4 20. cxd4
Rac8 21. g4 Na4 22. Rc1 Qb4 23. Ka1 Bg5 24. Nxg5 hxg5 25. Nf3 b5 26. Qf2 f6 27.
h4 Rc4 28. Rb1 gxh4 29. Qxh4 Rc2 30. a3 Qd6 31. e5 Qb6 32. Qh7+ Kf7 33. Qxc2
1-0

[Event "M.Chigorin Memorial"]
[Site "St. Petersburg RUS"]
[Date "2009.10.16"]
[Round "1.56"]
[White "Korchmar, Vasiliy"]
[Black "Abergel, Thal"]
[Result "0-1"]
[WhiteElo "2163"]
[BlackElo "2532"]
[PlyCount "102"]

1. d4 Nf6 2. c4 b6 3. Nf3 Bb7 4. e3 d5 5. Nbd2 e6 6. b3 Nbd7 7. Bb2 Be7 8. Bd3
dxc4 9. bxc4 c5 10. O-O O-O 11. Qe2 Qc7 12. Rac1 Bd6 13. Bb1 Rfe8 14. h3 cxd4
15. exd4 Bf4 16. Rce1 Qc6 17. Bd3 Rac8 18. Rc1 Red8 19. Rc2 Nf8 20. Nb3 Bb8 21.
c5 Ng6 22. Bc1 Qd5 23. Bc4 Qf5 24. Bd3 Bxf3 25. Qxf3 Qxf3 26. gxf3 bxc5 27.
Bxg6 hxg6 28. dxc5 Nd5 29. Rc4 Ne7 30. Bb2 Nc6 31. Rfc1 Rd5 32. Kg2 Rcd8 33.
Bc3 Bc7 34. Rc2 Rg5+ 35. Rg4 Rf5 36. Bb2 Bf4 37. Rc4 e5 38. Ra4 Rh5 39. Ra6 Nb4
40. Rxa7 Nd3 41. Bc3 Rc8 42. Ra5 g5 43. Kf1 Rxh3 44. Ke2 e4 45. fxe4 Nxf2 46.
Kxf2 Rxc3 47. Ra4 Rd8 48. Ke2 Rc2+ 49. Ke1 Rd3 50. Rd4 Bg3+ 51. Kf1 Rf3+ 0-1

[Event "M.Chigorin Memorial"]
[Site "St. Petersburg RUS"]
[Date "2009.10.16"]
[Round "1.57"]
[White "Magomedov, Magaram"]
[Black "Letov, Petr"]
[Result "1/2-1/2"]
[WhiteElo "2532"]
[BlackElo "2157"]
[PlyCount "120"]

1. d4 d5 2. c4 c6 3. Nf3 Nf6 4. Nc3 a6 5. c5 Bf5 6. Bf4 Nbd7 7. e3 e6 8. Nd2 e5
9. dxe5 Ng4 10. Nf3 Bxc5 11. Nd4 Bxd4 12. exd4 Be6 13. Be2 h5 14. Qd2 Qb6 15.
Na4 Qa7 16. Rc1 Nh6 17. Nc5 Nf5 18. O-O Nf8 19. b4 Bc8 20. a4 Ne6 21. Be3 a5
22. b5 Nxc5 23. Rxc5 Bd7 24. bxc6 bxc6 25. Bd3 O-O 26. Qe2 g6 27. Bxf5 Bxf5 28.
Bd2 Qa6 29. Qe3 Qd3 30. Rxc6 Qxe3 31. Bxe3 Rfb8 32. h3 Rb3 33. Ra1 Rb2 34. Rc5
Be6 35. Bc1 Rb3 36. Bd2 Rd3 37. Rxa5 Rxa5 38. Bxa5 Rxd4 39. Bd8 Bc8 40. a5 Ba6
41. Rb1 Ra4 42. Rb8 Kh7 43. Ra8 Bc4 44. Bf6 g5 45. Bxg5 Kg6 46. Be3 Kf5 47. Bb6
Kxe5 48. Rh8 d4 49. Rxh5+ f5 50. Bxd4+ Kxd4 51. Rxf5 Ra1+ 52. Kh2 Bd5 53. h4
Rxa5 54. f3 Ra6 55. h5 Be6 56. Rf8 Ra7 57. g4 Rf7 58. Rxf7 Bxf7 59. f4 Ke4 60.
Kg3 Bg8 1/2-1/2